| 000 | 00766nam a22002537a 4500 | ||
|---|---|---|---|
| 003 | OSt | ||
| 005 | 20220107122839.0 | ||
| 008 | 180528b xxu||||| |||| 00| 0 eng d | ||
| 020 | _a9781107150751 | ||
| 040 | _cIIITMK | ||
| 082 | _a005.133R BEN/F | ||
| 100 |
_aBennett, Mark J _914143 |
||
| 245 |
_aFinancial analytics with R: _bBuilding a laptop laboratory for data science _cMark J Bennett |
||
| 260 |
_aUK, _bCambridge University Press, _c2016. |
||
| 300 | _axvi, 377p. | ||
| 650 |
_aCOMPUTER SCIENCE _914144 |
||
| 650 |
_aCOMPUTER PROGRAMMING _914145 |
||
| 650 |
_aPROGRAMMING LANGUAGE _914146 |
||
| 650 |
_aR LANGUAGE _914147 |
||
| 650 |
_aDATA SCIENCE _914148 |
||
| 650 |
_aFINANCIAL ANALYTICS _914149 |
||
| 700 |
_aHugen, L Dirk _914150 |
||
| 942 |
_2ddc _cBK |
||
| 999 |
_c6077 _d6077 |
||